00332nam a2200133Ia 45000030006000000080041000060400015000471000023000622450069000852600009001543000006001635460012001690050017001810STCL150530s9999 xx 000 0 und d aSTCLcSTCL aClifford James, L. aEighteenth century english literature modern essays in criticism c1953 a0 aEnglish20220125170826.0